A reading skill book, internation one

Spremljeno u:
Bibliografski detalji
Format: Knjiga
Izdano: 1996
Oznake: Dodaj oznaku
Bez oznaka, Budi prvi tko označuje ovaj zapis!
Thư viện lưu trữ: Mạng thư viện Đại học Đà Nẵng
LEADER 00443nam a22001811a 4500
001 000037537
003 13832
005 20160412020357.0
008 160412s1996 000
082 |a 4A(07)811 
245 |a A reading skill book, internation one  |c Elaine Kirn 
260 |c 1996 
OWN |a LNN 
999 |a From the UDN01 
TYP |a Monograph 
980 |a Mạng thư viện Đại học Đà Nẵng